| 000 | 00793nam a2200229 a 4500 | ||
|---|---|---|---|
| 001 | 000006084 | ||
| 005 | 20260217123010.0 | ||
| 008 | 090826s1999 dr 000 0 spa d | ||
| 040 |
_aDO-SdBNP _bspa _cBNPHU |
||
| 082 |
_a363.45 _bC117h |
||
| 100 | 1 |
_aCabral E., José A. _d1955- _917129 |
|
| 245 | 1 | 0 |
_aHistoria del tráfico y consumo de drogas / _cJosé A. Cabral E. |
| 260 |
_aSanto Domingo : _bEditora Gladys, _c1999. |
||
| 300 |
_a224 p. : _bil ; _c21 cm. |
||
| 500 | _aIncluye datos biográficos del autor en la solapa de la contracubierta | ||
| 504 | _aBibliografía : p. 219-223 | ||
| 650 | 0 |
_aDrogas _917130 |
|
| 650 | 4 |
_aDrogas _xAbastecimiento y distribución _917131 |
|
| 650 | 4 |
_aDrogas _xComercio _96032 |
|
| 650 | 4 |
_aUtilización de drogas _917132 |
|
| 650 | 0 |
_aDrogadicción _96035 |
|
| 999 |
_c5880 _d5880 |
||